Online
Catalog

The twentieth century : (Record no. 24198)

MARC details
000 -CABECERA
campo de control de longitud fija 00696nam a2200193 a 4500
001 - NÚMERO DE CONTROL
campo de control 000024705
005 - FECHA Y HORA DE LA ÚLTIMA TRANSACCIÓN
campo de control 20200930023324.0
008 - DATOS DE LONGITUD FIJA--INFORMACIÓN GENERAL
campo de control de longitud fija 110202s1969 xxcabd r 000 0 eng d
040 ## - FUENTE DE LA CATALOGACIÓN
Centro catalogador/agencia de origen DO-SdBNP
Lengua de catalogación eng
Centro/agencia transcriptor BNPHU
082 ## - NÚMERO DE LA CLASIFICACIÓN DECIMAL DEWEY
Número de clasificación nn*
Número de documento/Ítem nn*
049 ## - FONDOS LOCALES (OCLC)
Fondos de biblioteca BNGR
100 1# - ENTRADA PRINCIPAL--NOMBRE DE PERSONA
Nombre de persona Lambert, Richard S.
9 (RLIN) 50672
245 14 - MENCIÓN DE TÍTULO
Título The twentieth century :
Resto del título Canada, Britan, U.S.A. /
Mención de responsabilidad, etc. Richard S. Lambert ; ilustraciones de Ruth Bagshaw ; mapas y gráficos de Robert Kunz y Charles Adams.
260 ## - PUBLICACIÓN, DISTRIBUCIÓN, ETC.
Lugar de publicación, distribución, etc. Toronto :
Nombre del editor, distribuidor, etc. The House of Grant,
Fecha de publicación, distribución, etc. 1969.
300 ## - DESCRIPCIÓN FÍSICA
Extensión 420 p. :
Otras características físicas il., mapas, grafs. ;
Dimensiones 21 cm.
700 1# - PUNTO DE ACCESO ADICIONAL--NOMBRE DE PERSONA
Nombre de persona Bagshaw, Ruth,
Término indicativo de función/relación ill.
9 (RLIN) 50673
700 1# - PUNTO DE ACCESO ADICIONAL--NOMBRE DE PERSONA
Nombre de persona Kunz, Robert,
Término indicativo de función/relación ill.
9 (RLIN) 50674
700 1# - PUNTO DE ACCESO ADICIONAL--NOMBRE DE PERSONA
Nombre de persona Adams, Charles,
Término indicativo de función/relación ill.
9 (RLIN) 50675
Holdings
Estado de retiro Estado de pérdida Restricciones de uso No para préstamo Código de colección Localización permanente Ubicación/localización actual Ubicación en estantería Fecha de adquisición Número de inventario Total de préstamos Signatura topográfica completa Código de barras Fecha visto por última vez Precio válido a partir de Tipo de ítem Koha
        Monografías: Libros y Folletos General General En catalogación 02.02.2011 LF1   nn* nn* 24705-10 25.06.2020 25.06.2020 Préstamo en sala

Powered by Koha